[Event "XLVII C.to Italiano a squadre Master"]
[Site "Civitanova Marche ITA"]
[Date "2015.05.02"]
[Round "6"]
[White "Socko, Bartosz"]
[Black "Horvath, Csaba"]
[WhiteElo "2628"]
[BlackElo "2546"]
[Result "1/2-1/2"]
[PlyCount "54"]
[EventDate "2015.04.29"]

1. e4 e6 2. d4 d5 3. Nd2 dxe4 4. Nxe4 Bd7 5. Nf3 Bc6 6. Ng3 Bxf3 7. Qxf3 c6 8.
Be3 Nf6 9. Be2 Nbd7 10. O-O-O Bd6 11. Kb1 Qc7 12. c4 c5 13. Ne4 Nxe4 14. Qxe4
Nf6 15. Qf3 O-O-O 16. Rd3 cxd4 17. Bxd4 Bc5 18. Rhd1 Bxd4 19. Rxd4 Rxd4 20.
Rxd4 Qxh2 21. g3 Rd8 22. Rxd8+ Kxd8 23. Qxb7 Qg1+ 24. Kc2 Qxf2 25. Qb8+ Ke7 26.
Qb4+ Ke8 27. Qb8+ Ke7 1/2-1/2

[Event "XLVII C.to Italiano a squadre Master"]
[Site "Civitanova Marche ITA"]
[Date "2015.05.02"]
[Round "6"]
[White "Swiercz, Dariusz"]
[Black "Lostuzzi, Manlio"]
[WhiteElo "2622"]
[BlackElo "2419"]
[Result "1-0"]
[PlyCount "51"]
[EventDate "2015.04.29"]

1. d4 Nf6 2. Nf3 c5 3. d5 b5 4. Bg5 d6 5. e4 a6 6. Nbd2 Bg4 7. a4 b4 8. Bd3
Nbd7 9. Nc4 g6 10. a5 Bg7 11. h3 Bxf3 12. Qxf3 O-O 13. Qe2 Ne8 14. f4 Nc7 15.
O-O Nb5 16. Kh1 Ra7 17. Rae1 Nf6 18. Qf2 Rb7 19. Qh4 Ne8 20. Re3 Bf6 21. Rg3
Ng7 22. f5 Bxg5 23. Rxg5 Nd4 24. Ne3 e5 25. f6 Ne8 26. Rxg6+ 1-0

[Event "XLVII C.to Italiano a squadre Master"]
[Site "Civitanova Marche ITA"]
[Date "2015.05.02"]
[Round "6"]
[White "Vocaturo, Daniele"]
[Black "Amato, Andrea"]
[WhiteElo "2594"]
[BlackElo "2322"]
[Result "1/2-1/2"]
[PlyCount "225"]
[EventDate "2015.04.29"]

1. d4 e6 2. c4 Bb4+ 3. Nd2 d5 4. Qa4+ Nc6 5. Ngf3 Nf6 6. a3 Be7 7. e3 O-O 8.
Qc2 a6 9. Bd3 h6 10. O-O Re8 11. b4 Bf8 12. Bb2 dxc4 13. Nxc4 Nd5 14. Rfd1 Bd6
15. e4 Nf4 16. Bf1 Bd7 17. g3 Ng6 18. Rac1 Rc8 19. Bg2 b5 20. Nce5 Bxe5 21.
dxe5 Nb8 22. Bd4 c6 23. Bc5 Qc7 24. Rd6 Red8 25. Rcd1 Be8 26. h4 Rd7 27. h5 Nf8
28. Nd4 Qd8 29. Nf3 a5 30. Qd2 Na6 31. Qe3 Nxc5 32. bxc5 Qe7 33. Nd4 Ra7 34. f4
Nh7 35. Bf3 Rb7 36. Kg2 Ra7 37. Rd3 Rb7 38. Bd1 Nf8 39. Nf3 a4 40. Nd4 b4 41.
Bxa4 bxa3 42. Rxa3 Rb2+ 43. Kh3 f6 44. exf6 Qxf6 45. e5 Qf7 46. Bd1 Rcb8 47.
Bg4 Kh8 48. Nxc6 Bxc6 49. Rxc6 Nh7 50. Qf3 Rc2 51. Rb6 Rd8 52. Ra8 Rf8 53.
Rxf8+ Qxf8 54. Rxe6 Rxc5 55. Qg2 Rc8 56. Rc6 Re8 57. Qc2 Qf7 58. Rc8 Rf8 59.
Rxf8+ Nxf8 60. Qc8 Kg8 61. e6 Qa7 62. Qc4 Qe7 63. Bf5 Kh8 64. Qd5 Kg8 65. Qe4
Kh8 66. Qe5 Qb7 67. Be4 Qe7 68. Bd5 Nh7 69. Qb8+ Nf8 70. Kg4 Kh7 71. Qb1+ Kh8
72. Qf5 Nh7 73. Qe5 Nf6+ 74. Kh3 Qe8 75. Bf3 Qe7 76. g4 Qa3 77. Kg3 Qe7 78. Qe3
Nh7 79. Bd5 Nf6 80. Bc4 Nh7 81. Qe5 Qa3+ 82. Kg2 Qe7 83. Qd5 Nf8 84. Qf5 Qb4
85. Qe4 Qe7 86. Kf3 Nh7 87. Qe3 Nf6 88. Bd3 Qb7+ 89. Kg3 Qe7 90. Bf5 Ne8 91.
Bg6 Nf6 92. Bf5 Ne8 93. Qd3 Nf6 94. Qc3 Qa7 95. Qf3 Qg1+ 96. Kh3 Qe1 97. g5
hxg5 98. fxg5 Ng8 99. h6 gxh6 100. Be4 Qb4 101. gxh6 Qd2 102. h7 Qh6+ 103. Kg2
Qxe6 104. Bf5 Qa2+ 105. Kh3 Nf6 106. Qc3 Qa6 107. Kh4 Qa4+ 108. Kg5 Qa6 109.
Kg6 Qe6 110. Qa3 Qe8+ 111. Kxf6 Qf7+ 112. Ke5 Qe7+ 113. Qxe7 1/2-1/2

[Event "XLVII C.to Italiano a squadre Master"]
[Site "Civitanova Marche ITA"]
[Date "2015.05.03"]
[Round "7"]
[White "Altini, Nicola"]
[Black "Cacco, Christian"]
[WhiteElo "2410"]
[BlackElo "2337"]
[Result "1-0"]
[PlyCount "83"]
[EventDate "2015.04.29"]

1. d4 Nf6 2. c4 g6 3. Nc3 Bg7 4. e4 d6 5. Nf3 O-O 6. Be2 Na6 7. O-O c5 8. d5
Nc7 9. h3 e6 10. Be3 a6 11. e5 Nfe8 12. exd6 Nxd6 13. Bxc5 Re8 14. Bb6 Qd7 15.
Qa4 Re7 16. Qxd7 Rxd7 17. Rfd1 Nce8 18. dxe6 fxe6 19. Na4 Nf7 20. Be3 Rb8 21.
Ba7 Ra8 22. Be3 Rb8 23. c5 Nc7 24. Nb6 Re7 25. Bc4 Na8 26. Nxc8 Rxc8 27. Ng5
Rc6 28. Nxf7 Kxf7 29. Rab1 Nb6 30. Bxe6+ Rexe6 31. cxb6 Rc2 32. b4 Rxa2 33. Bc5
Ke8 34. g3 Bf6 35. Rbc1 Ree2 36. Be3 Rec2 37. Rb1 Be7 38. Rd5 Bf6 39. Rd6 Be7
40. Rd5 Bf6 41. Kg2 Rc8 42. Re1 1-0

[Event "XLVII C.to Italiano a squadre Master"]
[Site "Civitanova Marche ITA"]
[Date "2015.05.03"]
[Round "7"]
[White "Barletta, Mauro"]
[Black "Stromboli, Ettore"]
[WhiteElo "2156"]
[BlackElo "2316"]
[Result "0-1"]
[PlyCount "60"]
[EventDate "2015.04.29"]

1. d4 Nf6 2. Bg5 c6 3. Bxf6 exf6 4. e3 g6 5. Nd2 Bg7 6. Ne2 d6 7. Nf4 Nd7 8. g3
f5 9. Bg2 Nf6 10. c3 O-O 11. O-O Re8 12. a4 a5 13. Rb1 g5 14. Nh5 Nxh5 15. Qxh5
Re6 16. e4 Rh6 17. Qe2 fxe4 18. Nxe4 Bf5 19. Rbe1 Rg6 20. f4 g4 21. Qd2 Qb6 22.
Re2 Re6 23. Rfe1 Qb3 24. Kh1 h6 25. d5 cxd5 26. Nf2 Rae8 27. Bxd5 Rxe2 28. Bxb3
Rxe1+ 29. Kg2 R8e2 30. Bxf7+ Kh8 0-1

[Event "XLVII C.to Italiano a squadre Master"]
[Site "Civitanova Marche ITA"]
[Date "2015.05.03"]
[Round "7"]
[White "Bertagnolli, Alexander"]
[Black "Aghayev, Miragha"]
[WhiteElo "2351"]
[BlackElo "2367"]
[Result "1/2-1/2"]
[PlyCount "24"]
[EventDate "2015.04.29"]

1. e4 c5 2. Nf3 Nc6 3. d4 cxd4 4. Nxd4 e5 5. Nb5 d6 6. N1c3 a6 7. Na3 b5 8. Nd5
Nce7 9. Bg5 Qa5+ 10. Bd2 Qd8 11. Bg5 Qa5+ 12. Bd2 Qd8 1/2-1/2

[Event "XLVII C.to Italiano a squadre Master"]
[Site "Civitanova Marche ITA"]
[Date "2015.05.03"]
[Round "7"]
[White "Boscolo, Federico"]
[Black "Molon, Andrea"]
[WhiteElo "2313"]
[BlackElo "1876"]
[Result "1-0"]
[PlyCount "100"]
[EventDate "2015.04.29"]

1. e4 d6 2. d4 Nf6 3. Bd3 c6 4. Nf3 Bg4 5. Nbd2 e6 6. h3 Bxf3 7. Nxf3 d5 8. e5
Nfd7 9. O-O Be7 10. c3 c5 11. Be3 c4 12. Bc2 Nc6 13. Nd2 Bg5 14. f4 Bh6 15. Qe2
g6 16. Kh1 Ne7 17. Bg1 Qc7 18. Qf3 O-O-O 19. b3 Nb6 20. a4 cxb3 21. Nxb3 Nc4
22. Qd3 Nc6 23. Bh2 Bf8 24. Rfb1 Kd7 25. Bd1 Rc8 26. Bf3 b6 27. f5 Ne7 28.
fxe6+ fxe6 29. a5 Bh6 30. axb6 axb6 31. Ra2 Ra8 32. Qe2 Qc6 33. Rba1 Kc7 34.
Ra7+ Rxa7 35. Rxa7+ Kd8 36. Bg3 Be3 37. Qa2 Nc8 38. Ra6 Rf8 39. Nc5 Qb5 40.
Nxe6+ Ke7 41. Nxf8 Nd2 42. Qa3+ Ke8 43. Qa4 Qxa4 44. Rxa4 Ne7 45. Ra8+ Kf7 46.
e6+ Kf6 47. Be5+ Kg5 48. Nxh7+ Kh6 49. Nf6 Nf5 50. Rh8+ Kg5 1-0

[Event "XLVII C.to Italiano a squadre Master"]
[Site "Civitanova Marche ITA"]
[Date "2015.05.03"]
[Round "7"]
[White "Brunello, Sabino"]
[Black "Palac, Mladen"]
[WhiteElo "2525"]
[BlackElo "2578"]
[Result "1/2-1/2"]
[PlyCount "50"]
[EventDate "2015.04.29"]

1. d4 Nf6 2. c4 e6 3. Nc3 Bb4 4. e3 O-O 5. Nge2 d5 6. a3 Be7 7. cxd5 exd5 8. g3
Nbd7 9. Bg2 Nb6 10. O-O Re8 11. b3 a5 12. f3 c5 13. a4 Bd7 14. dxc5 Bxc5 15.
Nd4 Nc8 16. Qd3 Qb6 17. Nce2 Ne7 18. Bd2 Nc6 19. Rad1 Re7 20. Bc1 Rae8 21. Kh1
h6 22. Qc3 Rc8 23. Qd3 Rce8 24. Qc3 Rc8 25. Qd3 Ra8 1/2-1/2

[Event "XLVII C.to Italiano a squadre Master"]
[Site "Civitanova Marche ITA"]
[Date "2015.05.03"]
[Round "7"]
[White "Cebalo, Miso"]
[Black "Horvath, Csaba"]
[WhiteElo "2389"]
[BlackElo "2546"]
[Result "1/2-1/2"]
[PlyCount "110"]
[EventDate "2015.04.29"]

1. Nf3 d5 2. c4 c6 3. d4 Nf6 4. Nc3 dxc4 5. a4 Bf5 6. Ne5 Nbd7 7. Nxc4 Qc7 8.
g3 e5 9. dxe5 Nxe5 10. Bf4 Nfd7 11. Bg2 f6 12. Nxe5 Nxe5 13. O-O Rd8 14. Bxe5
Qxe5 15. Qb3 Rd7 16. a5 Be6 17. Qa4 Rd4 18. Qc2 a6 19. Ra4 Rb4 20. Rxb4 Bxb4
21. Ra1 Bxa5 22. Nd5 Bc7 23. Nxc7+ Qxc7 24. Be4 g6 25. h4 O-O 26. h5 f5 27. Bf3
Qg7 28. hxg6 hxg6 29. Rd1 Qf6 30. Rd6 Rd8 31. Qd2 Rxd6 32. Qxd6 Kf7 33. Qc7+
Qe7 34. Qe5 Qf6 35. Qc7+ Qe7 36. Qe5 Qd8 37. e4 Qf6 38. Qc7+ Qe7 39. Qe5 Bc8
40. Qh8 Qf8 41. Qe5 Qe7 42. Qh8 fxe4 43. Qh7+ Kf6 44. Qh8+ Qg7 45. Qd8+ Ke5 46.
Qe8+ Be6 47. Bxe4 g5 48. Bc2 Kd6 49. Qd8+ Kc5 50. Qa5+ b5 51. Qa3+ b4 52. Qa5+
Kd6 53. Qxb4+ Kc7 54. Bd3 Bd5 55. Bf1 Qh7 1/2-1/2

[Event "XLVII C.to Italiano a squadre Master"]
[Site "Civitanova Marche ITA"]
[Date "2015.05.03"]
[Round "7"]
[White "De Filomeno, Simone"]
[Black "Collutiis, Duilio"]
[WhiteElo "2440"]
[BlackElo "2477"]
[Result "0-1"]
[PlyCount "54"]
[EventDate "2015.04.29"]

1. d4 d5 2. c4 c6 3. Nc3 dxc4 4. e3 b5 5. a4 b4 6. Ne4 Qd5 7. Ng3 Nf6 8. Be2
Ba6 9. e4 Nxe4 10. Bf3 f5 11. N1e2 g6 12. Nf4 Qf7 13. Nxe4 fxe4 14. Bg4 h5 15.
Be6 Qf6 16. Bh3 g5 17. Nxh5 Qf7 18. Ng3 Rxh3 19. gxh3 c5 20. d5 Nd7 21. Nxe4
Ne5 22. Nxc5 Rc8 23. f4 Rxc5 24. fxe5 Rxd5 25. Qe2 c3 26. Qxa6 Rxe5+ 27. Kd1
Qb3# 0-1

[Event "XLVII C.to Italiano a squadre Master"]
[Site "Civitanova Marche ITA"]
[Date "2015.05.03"]
[Round "7"]
[White "Iordachescu, Viorel"]
[Black "Codenotti, Marco"]
[WhiteElo "2588"]
[BlackElo "2403"]
[Result "1-0"]
[PlyCount "87"]
[EventDate "2015.04.29"]

1. e4 e5 2. Nf3 Nc6 3. Bb5 Nf6 4. d3 Bc5 5. Bxc6 dxc6 6. Nc3 O-O 7. h3 a5 8.
O-O Re8 9. Be3 Qe7 10. Ne2 Bxe3 11. fxe3 Qb4 12. Qc1 c5 13. c4 Ra6 14. Nc3 Qb6
15. Qe1 Qd6 16. Rd1 Qd8 17. Qg3 Nd7 18. Nh4 Nf8 19. Nf5 Rg6 20. Qf3 Bd7 21. Rf2
c6 22. b3 Be6 23. Qe2 b6 24. Kh2 Rf6 25. g4 Rg6 26. Rg1 h6 27. Rfg2 Nh7 28. Rg3
Kh8 29. R1g2 Qd7 30. Nd1 Kg8 31. Nf2 Kh8 32. h4 h5 33. g5 Bxf5 34. exf5 Qxf5
35. Qxh5 Rh6 36. Qg4 Qxg4 37. Rxg4 Rd6 38. h5 f6 39. gxf6 gxf6 40. Rg6 Rde6 41.
Ne4 Rd8 42. Kg1 Rf8 43. h6 Ree8 44. Nd6 1-0

[Event "XLVII C.to Italiano a squadre Master"]
[Site "Civitanova Marche ITA"]
[Date "2015.05.03"]
[Round "7"]
[White "Mazzilli, Piero"]
[Black "Swiercz, Dariusz"]
[WhiteElo "2353"]
[BlackElo "2622"]
[Result "1/2-1/2"]
[PlyCount "57"]
[EventDate "2015.04.29"]

1. e4 c5 2. c3 d5 3. exd5 Qxd5 4. d4 Nf6 5. Nf3 e6 6. Na3 Qd8 7. Nc2 Be7 8. Bd3
O-O 9. O-O b6 10. Qe2 Bb7 11. dxc5 bxc5 12. Bf4 Nbd7 13. Rfd1 Qc8 14. Na3 Nb6
15. Ne5 Nbd5 16. Bg3 g6 17. Nac4 Nh5 18. Na5 Nxg3 19. hxg3 Rb8 20. Nxb7 Qxb7
21. Rab1 Qc7 22. Ng4 Rfd8 23. Bc4 Kg7 24. Bb3 h5 25. Qe5+ Qxe5 26. Nxe5 Rb6 27.
Rd3 Bf6 28. Nc4 Rbb8 29. Rbd1 1/2-1/2

[Event "XLVII C.to Italiano a squadre Master"]
[Site "Civitanova Marche ITA"]
[Date "2015.05.03"]
[Round "7"]
[White "Mogranzini, Roberto"]
[Black "Bonafede, Alessandro"]
[WhiteElo "2494"]
[BlackElo "2377"]
[Result "1-0"]
[PlyCount "145"]
[EventDate "2015.04.29"]

1. c4 f5 2. g3 Nf6 3. Bg2 g6 4. Nc3 Bg7 5. e3 O-O 6. Nge2 d6 7. O-O Nc6 8. d3
e6 9. Rb1 a5 10. b3 Qe8 11. Bb2 g5 12. Nb5 Qe7 13. f4 gxf4 14. exf4 e5 15. d4
e4 16. d5 Nb4 17. Nc1 Na6 18. h3 Rd8 19. Nd4 Bd7 20. Nc2 Qf7 21. Ne3 Qg6 22.
Kh2 h5 23. Rg1 Kf7 24. Bf1 Rh8 25. Ne2 Nc5 26. Nd4 Bh6 27. Ng2 Ng4+ 28. hxg4
hxg4 29. Nh4 Bxf4 30. Kg2 Rxh4 31. gxh4 Be3 32. Bc1 Bxg1 33. Kxg1 Qf6 34. Bg5
Qe5 35. Nc2 Qg3+ 36. Bg2 Nd3 37. Qd2 Ne5 38. Qf4 Nf3+ 39. Kf1 Nh2+ 40. Kg1 Nf3+
41. Kf1 Qxf4 42. Bxf4 Nxh4 43. Kf2 Ng6 44. Kg3 Ne5 45. Ne3 Nd3 46. Rh1 Kg6 47.
Bf1 Nb4 48. a3 Na6 49. Be2 Nc5 50. Bd1 Ra6 51. Bc2 Ra8 52. Ng2 b5 53. cxb5 Bxb5
54. Be3 Nd7 55. Nf4+ Kg7 56. Ne6+ Kg8 57. Bd4 Ne5 58. Nxc7 Rb8 59. Kf4 Bd7 60.
Bxe5 dxe5+ 61. Kxe5 Kg7 62. Ne6+ Bxe6 63. Kxe6 Rc8 64. Bb1 g3 65. Kxf5 e3 66.
Kf4 e2 67. Kxg3 Rc3+ 68. Kf2 Rxb3 69. d6 Kf6 70. Kxe2 Rb2+ 71. Ke3 Ke6 72. Rh6+
Kd7 73. Bf5+ 1-0

[Event "XLVII C.to Italiano a squadre Master"]
[Site "Civitanova Marche ITA"]
[Date "2015.05.03"]
[Round "7"]
[White "Ortega, Lexy"]
[Black "Amato, Andrea"]
[WhiteElo "2470"]
[BlackElo "2322"]
[Result "1/2-1/2"]
[PlyCount "84"]
[EventDate "2015.04.29"]

1. d4 d5 2. Nf3 Nf6 3. c4 dxc4 4. e3 Bg4 5. Bxc4 e6 6. h3 Bh5 7. O-O a6 8. Be2
Nc6 9. Nbd2 Bd6 10. b3 O-O 11. Bb2 Bg6 12. Nh4 Be4 13. Nxe4 Nxe4 14. Nf3 Qe7
15. Bd3 Nf6 16. Ne5 Nb4 17. Bb1 Rfd8 18. Qf3 c5 19. a3 cxd4 20. Nxf7 Qxf7 21.
axb4 e5 22. b5 dxe3 23. Qxe3 axb5 24. Rxa8 Rxa8 25. Qd3 Qd7 26. Rd1 Rd8 27. Qe2
e4 28. Be5 Qe7 29. Bxd6 Rxd6 30. Rxd6 Qxd6 31. Bxe4 Nxe4 32. Qxe4 Qc6 33. Qd3
h6 34. g3 b4 35. h4 Qc5 36. Qe4 b6 37. Kg2 Kf7 38. g4 g6 39. h5 gxh5 40. Qh7+
Ke8 41. Qg6+ Ke7 42. Qg7+ Ke8 1/2-1/2

[Event "XLVII C.to Italiano a squadre Master"]
[Site "Civitanova Marche ITA"]
[Date "2015.05.03"]
[Round "7"]
[White "Ramondino, Renzo"]
[Black "D'Amore, Carlo"]
[WhiteElo "2157"]
[BlackElo "2469"]
[Result "0-1"]
[PlyCount "112"]
[EventDate "2015.04.29"]

1. Nf3 Nf6 2. c4 c6 3. e3 d5 4. Qc2 a6 5. b3 Bg4 6. Be2 Nbd7 7. Bb2 e6 8. O-O
Bd6 9. h3 Bh5 10. d3 O-O 11. Nbd2 Qe7 12. Rad1 e5 13. e4 Bxf3 14. Nxf3 d4 15.
Nh4 g6 16. g3 Ne8 17. Qd2 a5 18. a4 Nc5 19. Qc2 Ng7 20. Bf3 Qe6 21. Bg2 f5 22.
exf5 gxf5 23. f4 exf4 24. Bxd4 fxg3 25. Rde1 Qh6 26. Bxg7 Qxh4 27. Bxf8 Qd4+
28. Kh1 Rxf8 29. Qd2 Kh8 30. Rf3 Ne4 31. Rxe4 fxe4 32. Rxf8+ Bxf8 33. Bxe4 Bc5
34. Qe1 Bd6 35. Qd2 Bc5 36. Qe1 Qe5 37. Kg2 Bd6 38. Qd2 Kg7 39. Qe2 Kf6 40. Qd2
Kg7 41. Qe2 Kf6 42. Qd2 Kg7 43. Qe2 h6 44. Qg4+ Kf6 45. Qe2 Qd4 46. Qd2 Ke7 47.
Qe2 Kd8 48. Qd2 Kc8 49. Bf5+ Kb8 50. Kf3 Qf6 51. Qxa5 Bc7 52. Qc5 b6 53. Qe3
Qxf5+ 54. Kg2 h5 55. b4 h4 56. b5 c5 0-1

[Event "XLVII C.to Italiano a squadre Master"]
[Site "Civitanova Marche ITA"]
[Date "2015.05.03"]
[Round "7"]
[White "Rombaldoni, Denis"]
[Black "Dvirnyy, Danyyil"]
[WhiteElo "2479"]
[BlackElo "2536"]
[Result "0-1"]
[PlyCount "58"]
[EventDate "2015.04.29"]

1. d4 d5 2. c4 c6 3. cxd5 cxd5 4. Nc3 Nc6 5. Bf4 e5 6. Bxe5 Nxe5 7. dxe5 d4 8.
Ne4 Qb6 9. Nf3 Qxb2 10. Qxd4 Bb4+ 11. Kd1 Qa3 12. Rb1 a5 13. e3 Be6 14. Bb5+
Ke7 15. Qb6 Bd5 16. Nfd2 Nh6 17. Qc7+ Kf8 18. Ke2 Bxe4 19. Nxe4 Qxa2+ 20. Kf3
Qe6 21. Bd7 Qe7 22. Qxb7 Rd8 23. Rbc1 g6 24. Rhd1 Qxe5 25. g4 Kg7 26. Kg2 Ng8
27. Be6 Ne7 28. Rxd8 Rxd8 29. Bc4 Rb8 0-1

[Event "XLVII C.to Italiano a squadre Master"]
[Site "Civitanova Marche ITA"]
[Date "2015.05.03"]
[Round "7"]
[White "Simoli, Sergio"]
[Black "Ladron De Guevara Pinto, Paolo"]
[WhiteElo "2212"]
[BlackElo "2316"]
[Result "1-0"]
[PlyCount "69"]
[EventDate "2015.04.29"]

1. Nf3 Nf6 2. c4 g6 3. g3 Bg7 4. Bg2 O-O 5. O-O d6 6. Nc3 Nc6 7. d4 a6 8. d5
Na5 9. Nd2 c5 10. Qc2 Rb8 11. Rb1 b5 12. b3 Bd7 13. Bb2 Qc7 14. h3 e5 15. dxe6
fxe6 16. cxb5 axb5 17. Nce4 Nd5 18. Bxg7 Kxg7 19. Rbc1 Nc6 20. Nf3 Rbd8 21.
Rfd1 Be8 22. h4 Qe7 23. e3 b4 24. Nfg5 h6 25. Qb2+ Nf6 26. Nxf6 Rxf6 27. Ne4 e5
28. Nxf6 Qxf6 29. Qe2 Na7 30. Qd2 Rd7 31. Bh3 Nb5 32. Bxd7 Bxd7 33. Rxc5 Qf3
34. Rxb5 Bh3 35. Qd5 1-0

[Event "XLVII C.to Italiano a squadre Master"]
[Site "Civitanova Marche ITA"]
[Date "2015.05.03"]
[Round "7"]
[White "Stromboli, Carlo"]
[Black "Yao, Stefano"]
[WhiteElo "2339"]
[BlackElo "2269"]
[Result "1/2-1/2"]
[PlyCount "90"]
[EventDate "2015.04.29"]

1. e4 c5 2. Nf3 d6 3. d4 cxd4 4. Nxd4 Nf6 5. Nc3 Nc6 6. Bb5 Bd7 7. O-O a6 8.
Nxc6 bxc6 9. Bd3 e5 10. Qe2 a5 11. f4 Be7 12. Kh1 O-O 13. Be3 Ng4 14. Bg1 exf4
15. Rxf4 Ne5 16. Rff1 Bf6 17. Rab1 a4 18. Qd2 Be6 19. Rbd1 Ng6 20. Be2 Be5 21.
Bd4 Qa5 22. Qe3 Rfb8 23. b3 axb3 24. axb3 Rb4 25. Na4 Bxd4 26. Rxd4 Qa7 27.
Rfd1 h6 28. Qc3 Rxd4 29. Qxd4 Qxd4 30. Rxd4 d5 31. Kg1 dxe4 32. Rxe4 Ra5 33.
Bc4 Nf8 34. Bxe6 Nxe6 35. Rc4 c5 36. Kf2 Kf8 37. Nb2 Ke7 38. Nd3 Kd6 39. b4
cxb4 40. Nxb4 Rc5 41. Re4 f5 42. Re2 Rc4 43. Rd2+ Ke5 44. Re2+ Kd6 45. Rd2+ Ke5
1/2-1/2

[Event "XLVII C.to Italiano a squadre Master"]
[Site "Civitanova Marche ITA"]
[Date "2015.05.03"]
[Round "7"]
[White "Vocaturo, Daniele"]
[Black "Rombaldoni, Axel"]
[WhiteElo "2594"]
[BlackElo "2501"]
[Result "1/2-1/2"]
[PlyCount "105"]
[EventDate "2015.04.29"]

1. d4 Nf6 2. c4 g6 3. Nc3 d5 4. cxd5 Nxd5 5. Na4 Bg7 6. e4 Nb6 7. Be3 O-O 8.
Nf3 Nxa4 9. Qxa4 c5 10. Rd1 cxd4 11. Nxd4 Qc7 12. Be2 Bd7 13. Qa3 a6 14. Qxe7
Qa5+ 15. b4 Qxa2 16. O-O Re8 17. Qc5 Nc6 18. Bc4 Qa4 19. Nf5 Bxf5 20. exf5 Ne5
21. fxg6 hxg6 22. Bd5 Bf8 23. Qa5 Qb5 24. Qxb5 axb5 25. Bxb7 Rab8 26. Bd5 Bxb4
27. Ba7 Kg7 28. Bxb8 Rxb8 29. Rb1 Bc3 30. Rfd1 b4 31. g3 Rc8 32. Kg2 Rc7 33. h3
g5 34. f4 gxf4 35. gxf4 Nc4 36. Bxc4 Rxc4 37. Kf3 Rc7 38. Rd5 Rb7 39. Ke4 Rb6
40. Kd3 Ra6 41. Rb5 Ra2 42. Ke4 Re2+ 43. Kf3 Rh2 44. Rg1+ Kf6 45. Kg4 Rf2 46.
Rg3 Bd2 47. Rf3 Rg2+ 48. Rg3 Rf2 49. Rf5+ Ke6 50. Re5+ Kf6 51. Rf5+ Ke6 52.
Re5+ Kf6 53. Rf5+ 1/2-1/2

[Event "I Festival Alpi del Mare"]
[Site "Cuneo ITA"]
[Date "2015.04.24"]
[Round "1"]
[White "Bergero, Simone"]
[Black "Dragojlovic, Andjelko"]
[WhiteElo "1820"]
[BlackElo "2330"]
[Result "0-1"]
[PlyCount "94"]
[EventDate "2015.04.24"]

1. d4 g6 2. c4 Nf6 3. Nc3 Bg7 4. Nf3 O-O 5. e4 c6 6. Be2 d5 7. exd5 cxd5 8. O-O
Nc6 9. b3 Bg4 10. h3 Bxf3 11. Bxf3 dxc4 12. Bxc6 bxc6 13. bxc4 c5 14. Be3 Qa5
15. Qc2 cxd4 16. Bxd4 Rac8 17. Ne2 Rc6 18. Rab1 Rfc8 19. Rfc1 Bh6 20. Bc3 Qa6
21. Bd2 Bxd2 22. Qxd2 Rxc4 23. Rxc4 Qxc4 24. Rc1 Qa6 25. Rxc8+ Qxc8 26. Qa5 Qd7
27. Ng3 h5 28. Qb4 Qc7 29. a4 a5 30. Qb5 Qc1+ 31. Kh2 h4 32. Ne2 Qc7+ 33. Kg1
Kg7 34. Nd4 Qc1+ 35. Qf1 Qf4 36. Qd1 e5 37. Nc6 Ne4 38. Qc2 Nxf2 39. Nxa5 Ne4
40. Nc6 Ng3 41. Qd1 e4 42. a5 Qf6 43. Nd4 e3 44. Nf3 e2 45. Qc1 Qd6 46. Qc3+ f6
47. Qe1 g5 0-1

[Event "I Festival Alpi del Mare"]
[Site "Cuneo ITA"]
[Date "2015.04.24"]
[Round "1"]
[White "Djuric, Stefan"]
[Black "Cirrincione, Giansalvo"]
[WhiteElo "2385"]
[BlackElo "1824"]
[Result "1-0"]
[PlyCount "67"]
[EventDate "2015.04.24"]

1. e4 c5 2. Nf3 g6 3. c3 Bg7 4. d4 cxd4 5. cxd4 d5 6. e5 Bg4 7. Bb5+ Nc6 8. O-O
Bxf3 9. Qxf3 e6 10. Bxc6+ bxc6 11. Qa3 Bf8 12. Qa4 Qb6 13. Nc3 Nh6 14. Bg5 Nf5
15. Rac1 Rc8 16. Rfd1 Bh6 17. Bxh6 Nxh6 18. Qa3 Nf5 19. Na4 Qa6 20. Qb4 Ne7 21.
b3 Rc7 22. Nc5 Qb6 23. Qd2 Rc8 24. Rc3 h5 25. Rh3 Rf8 26. b4 Nf5 27. Ra3 Qc7
28. g3 Ra8 29. Ra6 Ne7 30. Rc1 Qc8 31. a4 f6 32. b5 fxe5 33. dxe5 Kf7 34. Qg5
1-0

[Event "I Festival Alpi del Mare"]
[Site "Cuneo ITA"]
[Date "2015.04.25"]
[Round "2"]
[White "Pesiri, Rossano"]
[Black "Zimina, Olga"]
[WhiteElo "1997"]
[BlackElo "2327"]
[Result "0-1"]
[PlyCount "70"]
[EventDate "2015.04.24"]

1. d4 d5 2. c4 e6 3. Nc3 c6 4. e3 Nf6 5. Nf3 Nbd7 6. Qc2 Bd6 7. g4 h6 8. Rg1 e5
9. h4 e4 10. g5 exf3 11. gxf6 Qxf6 12. cxd5 O-O 13. dxc6 bxc6 14. Bd2 Qxh4 15.
Ne4 Qh2 16. Rxg7+ Kxg7 17. Qxc6 Rb8 18. Nxd6 Rb6 19. Nf5+ Kh7 20. Qc2 Ba6 21.
O-O-O Bxf1 22. Rxf1 Nf6 23. Ba5 Ra6 24. Bc7 Qh3 25. Ng3+ Kg8 26. Rg1 Rc8 27.
Nh5+ Ng4 28. Nf4 Qh4 29. Qf5 Rxc7+ 30. Kb1 Qxf2 31. Rxg4+ Kf8 32. a3 Qf1+ 33.
Ka2 Qc4+ 34. Kb1 f2 35. Nd3 Rf6 0-1

[Event "I Festival Alpi del Mare"]
[Site "Cuneo ITA"]
[Date "2015.04.25"]
[Round "2"]
[White "Sarno, Spartaco"]
[Black "Gallitto, Salvatore"]
[WhiteElo "2315"]
[BlackElo "1938"]
[Result "1-0"]
[PlyCount "35"]
[EventDate "2015.04.24"]

1. d4 Nf6 2. c4 e6 3. Nf3 d5 4. Nc3 c6 5. Bg5 Nbd7 6. e3 Qa5 7. cxd5 exd5 8.
Bd3 Ne4 9. O-O Nxg5 10. Nxg5 Nf6 11. Qc2 h6 12. Nf3 Be7 13. h3 O-O 14. Ne5 Nd7
15. f4 Nxe5 16. dxe5 Bc5 17. Rf3 b5 18. Nxd5 1-0

[Event "I Festival Alpi del Mare"]
[Site "Cuneo ITA"]
[Date "2015.04.25"]
[Round "3"]
[White "Djuric, Stefan"]
[Black "Yao, Stefano"]
[WhiteElo "2385"]
[BlackElo "2269"]
[Result "1-0"]
[PlyCount "115"]
[EventDate "2015.04.24"]

1. e4 c6 2. d4 d5 3. Nc3 dxe4 4. Nxe4 Nd7 5. Bc4 Ngf6 6. Nxf6+ Nxf6 7. c3 Bf5
8. Qb3 e6 9. Qxb7 Bd6 10. Qxc6+ Kf8 11. Nf3 Be4 12. Qa6 Qc7 13. Be2 Rb8 14. Qc4
Qb7 15. O-O Ke7 16. Qa4 h6 17. Qd1 Qc7 18. h3 g5 19. Nd2 Ba8 20. Nc4 Bh2+ 21.
Kh1 g4 22. hxg4 h5 23. g5 Ng4 24. f4 h4 25. b3 h3 26. Bf3 hxg2+ 27. Kxg2 Bxf4
28. Ba3+ Ke8 29. Bxa8 Rh2+ 30. Kf3 Rh3+ 31. Kxg4 Rg3+ 32. Kh4 Bxg5+ 33. Kh5
Rh3+ 34. Kxg5 f6+ 35. Kxf6 Qf7+ 36. Ke5 Qg7+ 37. Ke4 Qg6+ 38. Ke5 Rb5+ 39. Bc5
Qg5+ 40. Ke4 Qg6+ 41. Ke5 Qg5+ 42. Kd6 Qd8+ 43. Ke5 Qg5+ 44. Kd6 Qd8+ 45. Kxe6
Qd7+ 46. Ke5 Qg7+ 47. Ke4 Qg6+ 48. Kd5 Qg2+ 49. Ke5 Qg7+ 50. Rf6 Qg3+ 51. Kf5
Qf2+ 52. Ke6 Rb6+ 53. Bxb6 Re3+ 54. Nxe3 Qxe3+ 55. Kf5 Qh3+ 56. Qg4 Qd3+ 57.
Ke6 Qe3+ 58. Be4 1-0

[Event "I Festival Alpi del Mare"]
[Site "Cuneo ITA"]
[Date "2015.04.25"]
[Round "3"]
[White "Napoli, Nicolo'"]
[Black "Dragojlovic, Andjelko"]
[WhiteElo "2281"]
[BlackElo "2330"]
[Result "1/2-1/2"]
[PlyCount "111"]
[EventDate "2015.04.24"]

1. e4 g6 2. d4 Bg7 3. Nf3 d6 4. Bc4 e6 5. Qe2 a6 6. Bb3 Ne7 7. h4 h6 8. c3 Nd7
9. Nbd2 b6 10. Nf1 Bb7 11. Ng3 c5 12. Bf4 Qc7 13. Rd1 e5 14. dxe5 Nxe5 15. h5
g5 16. Bxe5 dxe5 17. Nh2 O-O 18. Ng4 b5 19. Ne3 c4 20. Bc2 Rfd8 21. O-O Rxd1
22. Rxd1 Rd8 23. Ngf5 Bc8 24. Nd5 Nxd5 25. exd5 Bxf5 26. Bxf5 Rd6 27. Qg4 Bf8
28. g3 Rf6 29. Kg2 Bc5 30. Qe4 Rb6 31. Re1 Bd6 32. f4 exf4 33. gxf4 Qd8 34.
Qe8+ Qxe8 35. Rxe8+ Kg7 36. fxg5 hxg5 37. Rc8 Kh6 38. Kf3 Bf4 39. Kg4 Rd6 40.
Be4 Kg7 41. a4 Rf6 42. Bf5 Rd6 43. Rc6 bxa4 44. Rxc4 Rxd5 45. Rxa4 a5 46. Rc4
Rd2 47. Rc6 Rh2 48. Ra6 Rh4+ 49. Kf3 Rxh5 50. Rxa5 Rh1 51. Ra7 Re1 52. Bc2 Re3+
53. Kg4 Re2 54. Bb3 Rxb2 55. Bxf7 Kf6 56. Ra2 1/2-1/2